[Event "Vlissingen HZ op 23rd"]
[Site "Vlissingen"]
[Date "2019.08.04"]
[Round "2"]
[White "Kloosterboer, Nico"]
[Black "Reichardt, Robin"]
[Result "1/2-1/2"]
[WhiteElo "1644"]
[BlackElo "1811"]
[PlyCount "127"]
[EventDate "2019.08.03"]
[EventType "swiss"]
[EventRounds "9"]
[EventCountry "NED"]
[SourceTitle "CBM 191 Extra"]
[Source "ChessBase"]
[SourceDate "2019.09.30"]
[SourceVersion "1"]
[SourceVersionDate "2019.09.30"]
[SourceQuality "1"]

1. d4 d5 2. c3 c5 3. e3 Nf6 4. Bd3 Nc6 5. Nf3 Bg4 6. Nbd2 e6 7. Bb5 Qb6 8. Qa4 Rc8 9. Ne5 Bh5 10. Ndf3 a6 11. Bxc6+ bxc6 12. dxc5 Bxc5 13. Nd4 Bxd4 14. exd4 0-0 15. b4 Qb5 16. Qxb5 cxb5 17. Bd2 Ne4 18. Nd7 Rfd8 19. Nc5 Bg6 20. f3 Nxc5 21. bxc5 Bd3 22. Kd1 e5 23. Be3 e4 24. Kd2 f5 25. f4 Rc6 26. Ke1 Rb8 27. a3 h6 28. Ra2 Kf7 29. g3 Rg8 30. h4 Kg6 31. Kf2 Kh5 32. Rb2 Kg6 33. Ra1 Kf7 34. Rh1 Ke7 35. Ra2 Kd7 36. Rg1 Rg6 37. Rb2 Kc6 38. Ra1 Re6 39. Rh1 Re7 40. Rg1 g6 41. Ra2 Rb7 42. Rb2 Rh7 43. Rh1 Bc4 44. Kg2 Rb7 45. Kf2 Rgb8 46. Re1 Bd3 47. Bd2 Rh8 48. Ke3 Rg7 49. Rh1 Rhh7 50. Be1 Rg8 51. Rg2 Rhg7 52. Rgh2 Kd7 53. Bf2 Ke6 54. Be1 Kf6 55. Rh3 Ra8 56. R3h2 Rga7 57. Rb2 Rg8 58. Rhh2 Rag7 59. Rh1 Bc4 60. Rhh2 Rh7 61. Rh1 Rgh8 62. Rhh2 Bd3 63. Bf2 Rb8 64. Be1 1/2-1/2

[Event "Brasschaat op 16th"]
[Site "Brasschaat"]
[Date "2016.08.20"]
[Round "1"]
[White "Kloosterboer, Nico"]
[Black "Hamblok, Roel"]
[Result "0-1"]
[WhiteElo "1717"]
[BlackElo "2308"]
[PlyCount "57"]
[EventDate "2016.08.20"]
[EventType "swiss"]
[EventRounds "9"]
[EventCountry "BEL"]
[SourceTitle "CBM 174 Extra"]
[Source "ChessBase"]
[SourceDate "2016.10.10"]
[SourceVersion "1"]
[SourceVersionDate "2016.10.10"]
[SourceQuality "1"]

1. d4 f5 2. g3 Nf6 3. Bg2 e6 4. Nf3 Be7 5. 0-0 0-0 6. b3 d6 7. c4 Ne4 8. Bb2 Bf6 9. Qc2 Nc6 10. a3 e5 11. d5 Ne7 12. Nfd2 Nxd2 13. Nxd2 Qe8 14. e3 e4 15. f3 exf3 16. Nxf3 Ng6 17. Rae1 Bd7 18. Nd4 Be5 19. Ne6 Bxe6 20. dxe6 Bxb2 21. Qxb2 c6 22. e4 f4 23. Bh3 f3 24. Re3 Ne5 25. c5 Qe7 26. Rd1 Qg5 27. Kf2 dxc5 28. Rd7 Qh5 29. Ke1 0-1